[Event "FICGS rapid B 000302 email"]
[Site "FICGS email"]
[Date "2018.11.12"]
[Round "1"]
[White "Vollmer, Steve"]
[Black "Ibbitson, Anthony"]
[Result "1-0"]
[WhiteElo "1781"]
[BlackElo "1758"]
[PlyCount "37"]
[EventDate "2018.??.??"]
[EventType "tourn (rapid)"]
[EventRounds "6"]
[SourceTitle "Corr 2022"]
[Source "ChessBase"]
[SourceDate "2021.10.24"]
[SourceVersion "1"]
[SourceVersionDate "2021.10.24"]
[SourceQuality "1"]

1. e4 e6 2. d4 d5 3. Nc3 Nf6 4. e5 Nfd7 5. Nf3 c5 6. Be3 Nc6 7. Be2 cxd4 8. Bxd4 Nxd4 9. Qxd4 Bc5 10. Qg4 0-0 11. 0-0 f6 12. Qxe6+ Kh8 13. Qxd5 Bb6 14. exf6 Nxf6 15. Qxd8 Rxd8 16. Bd3 Bg4 17. Ne5 Bh5 18. h3 h6 19. g4 1-0